LIBRARY & INFORMATION CENTRE, KCAET, TAVANUR

ONLINE PUBLIC ACCESS CATALOGUE (OPAC)

Gurudev Ranindranath / (Record no. 8165)

MARC details
000 -LEADER
fixed length control field 00421cam a2200169ua 4500
041 ## - LANGUAGE CODE
Language code of text/sound track or separate title hin
082 ## - DEWEY DECIMAL CLASSIFICATION NUMBER
Classification number 891.54
Item number SHI/GU
100 ## - MAIN ENTRY--AUTHOR NAME
Personal name Shithish, Ray .
245 ## - TITLE STATEMENT
Title Gurudev Ranindranath /
260 ## - PUBLICATION, DISTRIBUTION, ETC. (IMPRINT)
Place of publication Bharath Sarkar :
Name of publisher Sanhana aur Prasaran Mantralay ,
Year of publication 1961.
300 ## - PHYSICAL DESCRIPTION
Number of Pages 99 ; .
942 ## - ADDED ENTRY ELEMENTS (KOHA)
Koha item type Books
Holdings
Withdrawn status Lost status Damaged status Home library Current library Date acquired Full call number Accession Number Koha item type
Withdrawn     KAUAET Sanskrit University 07/04/2012 891.54 2040 Books
free website counter